000 00331nam a22001337a 4500
008 250327b |||||||| |||| 00| 0 eng d
020 _a9783819771
050 _aPN1010
_b.S53
100 _aSHAIBU, S . A
245 _aThe Womb of the Crocodile
260 _aLagos
_bDiamond Print & Design Ltd.
_c2007
300 _a63p.
942 _cBK
999 _c2748
_d2748